000 00674cam a2200205 i 4500
005 20260217121936.0
008 250721s1996 jo gr 000 0 ara d
082 1 4 _a413.3
_bن ا د
100 1 _aنادر، جمال
_eمؤلف.
245 1 0 _aكيف تختارين إسما لطفلتك /
_cجمال نادر.
250 _aالطبعة الأولى.
264 3 1 _aعمان :
_bدار الإسراء للنشر والتوزيع،
_c1996.
300 _a96صفحة.
650 1 7 _aاللغة العربية.
650 1 7 _aعلم المعاني.
650 1 7 _aالأسماء.
650 1 7 _aالبنات.
942 _2ddc
_cBK
999 _c99305
_d99305